000 00454nam a2200205Ia 4500
001 003860
003 YMCAF
005 20230512160236.0
008 100717s1971 ||||||||||||||||| ||und|d
024 _a3860
035 _a3865
040 _aYMCAF
_beng
_cIN-KoLT
041 _aeng
082 _a621.381
_b536 5 CAT
100 _aCATTERN OLE K.
245 0 _aPRINCIPLES OF PULSE CODE MODULATIONS
260 _c1971
300 _a445
942 _2ddc
_cBK
999 _c3060
_d3060